Statistics for Richest Sportsman in the World

Click here to take the quiz!

General Stats

  • This quiz has been taken 382 times
  • The average score is 6 of 10

Answer Stats

SportAnswer% Correct
GolfTiger Woods
96%
Football/SoccerLionel Messi
89%
Football/SoccerChristiano Ronaldo
86%
BasketballLeBron James
86%
TennisRoger Federer
78%
BasketballKobe Bryant
62%
Football/SoccerDavid Beckham
44%
Formula 1Michael Schumacher
43%
GolfPhil Mickelson
31%
BaseballAlex Rodriguez
22%

Score Distribution

Percentile by Number Answered

Percent of People with Each Score

Your Score History

You have not taken this quiz